[Event "Pyramiden Cup 2015"]
[Site "Fuerth"]
[Date "2015.09.04"]
[Round "4.54"]
[White "Reuter, Roland"]
[Black "Schroeder, Stefan"]
[Result "1/2-1/2"]
[WhiteElo "2000"]
[BlackElo "1791"]
[PlyCount "78"]
[EventDate "2015.??.??"]
[WhiteTeam "SK Schwabach"]
[BlackTeam "SG Airb. Heli."]

1. e4 d5 2. exd5 Qxd5 3. Nc3 Qa5 4. Nf3 Nf6 5. Bc4 c6 6. a3 Bg4 7. d4 e6 8. Bd2
Nbd7 9. h3 Bxf3 10. Qxf3 Qc7 11. O-O Nb6 12. Ba2 Be7 13. Rfe1 Rd8 14. Ne2 O-O
15. Rad1 c5 16. Ba5 Rd7 17. c4 Qc6 18. d5 exd5 19. cxd5 Nbxd5 20. Ng3 Bd8 21.
Bxd8 Rfxd8 22. Nf5 Kf8 23. Rc1 Qb6 24. Re2 Qc7 25. b4 Nxb4 26. axb4 Rd1+ 27.
Re1 Rxe1+ 28. Rxe1 cxb4 29. Re7 Rd7 30. Re1 a5 31. Qe3 Qc3 32. Qe5 Qxe5 33.
Rxe5 a4 34. Bc4 b3 35. Rb5 g6 36. Ne3 Ne4 37. f3 Nd6 38. Rb4 b5 39. Bd5 Ra7
1/2-1/2

[Event "Pyramiden Cup 2015"]
[Site "Fuerth"]
[Date "2015.09.04"]
[Round "4.55"]
[White "Vogel, Karlheinz"]
[Black "Spinnler, Wolfgang"]
[Result "1-0"]
[WhiteElo "1706"]
[BlackElo "1650"]
[PlyCount "69"]
[EventDate "2015.??.??"]
[WhiteTeam "SV Böckingen"]
[BlackTeam "SC Landskrone"]

1. d4 Nf6 2. c4 e6 3. Nc3 d5 4. Bg5 Be7 5. e3 h6 6. Bxf6 Bxf6 7. Nf3 O-O 8.
cxd5 exd5 9. Rc1 Bg4 10. Bd3 c6 11. O-O Nd7 12. b4 a6 13. a4 b5 14. a5 Be7 15.
Na2 Rc8 16. h3 Be6 17. Rc3 Nf6 18. Qc2 Bd7 19. Ne5 Qe8 20. Rc1 Bd6 21. Nxd7
Qxd7 22. Bf5 Qb7 23. Bxc8 Qxc8 24. Rxc6 Qd7 25. Rxa6 Ne4 26. Qc6 Qf5 27. Rf1
Be7 28. Nc3 Nxc3 29. Qxc3 Rc8 30. Rc6 Rb8 31. Rc1 Bh4 32. Rc8+ Kh7 33. Qc2
Bxf2+ 34. Qxf2 Rxc8 35. Qxf5+ 1-0

[Event "Pyramiden Cup 2015"]
[Site "Fuerth"]
[Date "2015.09.04"]
[Round "4.56"]
[White "Kornitzky, Tino"]
[Black "Boese, Christina"]
[Result "1-0"]
[WhiteElo "1717"]
[BlackElo "1499"]
[PlyCount "139"]
[EventDate "2015.??.??"]
[WhiteTeam "SC Bamberg"]
[BlackTeam "SC Bechhofen"]

1. d4 d5 2. c4 e6 3. g3 Nf6 4. Bg2 b6 5. Nf3 Bb7 6. Nc3 Nbd7 7. Qa4 Be7 8. Ne5
O-O 9. Nxd7 Nxd7 10. cxd5 Nf6 11. e4 exd5 12. e5 Ne8 13. O-O c6 14. b3 b5 15.
Nxb5 cxb5 16. Qxb5 Qb6 17. Qd7 Qc7 18. Qg4 Bb4 19. e6 Nf6 20. exf7+ Rxf7 21.
Qe2 Re8 22. Qb5 Qb6 23. Qxb6 axb6 24. Bf4 Re2 25. Rfc1 Rfe7 26. Kf1 Ba6 27. Kg1
Bd2 28. Rd1 Bxf4 29. gxf4 Rc2 30. Bf3 Be2 31. Re1 Kf8 32. Bg2 Bb5 33. a4 Rxe1+
34. Rxe1 Ba6 35. h3 Rd2 36. Re6 Rxd4 37. Rxb6 Bd3 38. a5 Be2 39. a6 Rd1+ 40.
Kh2 Ra1 41. Rb8+ Ne8 42. Bxd5 Rxa6 43. Rb7 Rf6 44. b4 Rxf4 45. Kg3 Rf5 46. Be6
Rf3+ 47. Kg2 Rf4 48. Kg3 Rf3+ 49. Kg2 Nd6 50. Rb8+ Ke7 51. Bg4 Nf5 52. Bxf3
Nh4+ 53. Kg3 Nxf3 54. Ra8 Nd4 55. Ra2 Bb5 56. Kf4 Kd6 57. Rd2 Kd5 58. Ke3 Ke5
59. Rxd4 Ke6 60. Rh4 h6 61. Rh5 Bf1 62. h4 Kd6 63. Rc5 g6 64. Kd4 Ba6 65. Ra5
Bb7 66. Ra7 Kc6 67. Ke5 Kb6 68. Ra1 Bc8 69. Kf6 Bf5 70. h5 1-0

[Event "Pyramiden Cup 2015"]
[Site "Fuerth"]
[Date "2015.09.04"]
[Round "4.57"]
[White "Meyer, Thomas"]
[Black "Dreiseitel, Ursula"]
[Result "1-0"]
[WhiteElo "1755"]
[BlackElo "1476"]
[PlyCount "55"]
[EventDate "2015.??.??"]
[WhiteTeam "Bergstedter SK"]
[BlackTeam "SGem Fürth"]

1. d4 Nf6 2. c4 d5 3. cxd5 Nxd5 4. Nf3 Bf5 5. Nc3 c6 6. a3 h6 7. e3 e6 8. Bd3
Bxd3 9. Qxd3 Nd7 10. e4 N5b6 11. Bf4 Nf6 12. Rd1 Be7 13. O-O O-O 14. Qe2 Nh5
15. Bc1 Qc7 16. Ne5 Nf6 17. Rd3 Bd6 18. f4 Nh7 19. Qg4 Rfe8 20. Rg3 f6 21. Ng6
e5 22. fxe5 fxe5 23. dxe5 Bc5+ 24. Kh1 Qd7 25. Qh5 Bd4 26. Bxh6 gxh6 27. Nf8+
Kh8 28. Nxd7 1-0

[Event "Pyramiden Cup 2015"]
[Site "Fuerth"]
[Date "2015.09.04"]
[Round "4.58"]
[White "Walch, Roger"]
[Black "Paul, Arthur"]
[Result "1-0"]
[WhiteElo "1733"]
[BlackElo "1509"]
[PlyCount "89"]
[EventDate "2015.??.??"]
[WhiteTeam "SW Nürnberg Süd"]
[BlackTeam "SW Nürnberg Süd"]

1. e4 c5 2. Nf3 d6 3. d4 cxd4 4. Nxd4 Nf6 5. Nc3 a6 6. Bg5 e5 7. Nb3 Be7 8. Qd2
O-O 9. O-O-O Nbd7 10. f3 b5 11. h4 Bb7 12. g4 b4 13. Nd5 Nxd5 14. exd5 a5 15.
Qe3 Nf6 16. Bxf6 Bxf6 17. g5 Be7 18. Bd3 a4 19. Nd2 Bxd5 20. Bxh7+ Kh8 21. Be4
Bxa2 22. Bxa8 Qxa8 23. Ne4 Qc6 24. Rh2 Ra8 25. Rhd2 b3 26. Qc3 Rc8 27. Qxc6
Rxc6 28. Nc3 bxc2 29. Rh1 Bb3 30. Nd5 Bf8 31. g6 fxg6 32. Nb4 Rc4 33. Nxc2 Bxc2
34. Rxc2 Rxc2+ 35. Kxc2 d5 36. Ra1 e4 37. fxe4 dxe4 38. Rxa4 Kh7 39. Rxe4 Bd6
40. Kd3 Kh6 41. Kd4 Kh5 42. Kd5 Bc7 43. b4 g5 44. hxg5 Kxg5 45. Re7 1-0

[Event "Pyramiden Cup 2015"]
[Site "Fuerth"]
[Date "2015.09.04"]
[Round "4.59"]
[White "Im Brook, Jens"]
[Black "Braun, Kristin"]
[Result "0-1"]
[WhiteElo "1500"]
[BlackElo "1735"]
[PlyCount "66"]
[EventDate "2015.??.??"]
[WhiteTeam "SF Rot"]
[BlackTeam "SC Forchheim"]

1. e4 d5 2. exd5 Nf6 3. Nc3 Nxd5 4. Nxd5 Qxd5 5. d4 Nc6 6. c3 e5 7. Qf3 Qxf3 8.
Nxf3 exd4 9. Nxd4 Nxd4 10. cxd4 Bb4+ 11. Bd2 Bxd2+ 12. Kxd2 Be6 13. b3 O-O-O
14. Kc3 Rd6 15. Rd1 Rhd8 16. Bc4 c5 17. Rhe1 cxd4+ 18. Kb4 Rb6+ 19. Ka3 Bxc4
20. Rc1 Rc6 21. bxc4 Re6 22. Kb3 Kc7 23. Kc2 Rd7 24. Kd3 Ra6 25. Rc2 Ra3+ 26.
Kd2 Kd6 27. Re8 b6 28. f4 Re3 29. Rc8 Ke7 30. c5 bxc5 31. R8xc5 Re4 32. f5 d3
33. f6+ gxf6 0-1

[Event "Pyramiden Cup 2015"]
[Site "Fuerth"]
[Date "2015.09.04"]
[Round "4.60"]
[White "Heinrich, Leon"]
[Black "Hirn, Thomas"]
[Result "0-1"]
[WhiteElo "1612"]
[BlackElo "1488"]
[PlyCount "62"]
[EventDate "2015.??.??"]
[WhiteTeam "SW Nürnberg Süd"]
[BlackTeam "TuS Fürstenfeldbruck"]

1. d4 d5 2. c4 dxc4 3. e3 Nf6 4. Bxc4 e6 5. Nf3 Nbd7 6. Nc3 a6 7. O-O b5 8. Bd3
Bb7 9. a3 Be7 10. Qc2 Bxf3 11. gxf3 Rc8 12. b4 Nb6 13. Ne2 h6 14. Kh1 Bd6 15.
Bb2 c6 16. e4 Nh5 17. e5 Be7 18. Bg6 fxg6 19. Qxg6+ Kd7 20. Qxh5 Nd5 21. Qg4
Qf8 22. Bc1 g5 23. f4 h5 24. Qg3 Qf5 25. fxg5 Qe4+ 26. f3 Qxe2 27. Re1 Qd3 28.
Bb2 Rcf8 29. Rf1 Rhg8 30. f4 Qe4+ 31. Kg1 Nxf4 0-1

[Event "Pyramiden Cup 2015"]
[Site "Fuerth"]
[Date "2015.09.04"]
[Round "4.61"]
[White "Dresel, Martin"]
[Black "Dreiseitel, Werner"]
[Result "1/2-1/2"]
[WhiteElo "1699"]
[BlackElo "1568"]
[PlyCount "119"]
[EventDate "2015.??.??"]
[WhiteTeam "SC Erlangen"]
[BlackTeam "SGem Fürth"]

1. d4 d5 2. c4 c6 3. Nf3 Nf6 4. cxd5 cxd5 5. Nc3 e6 6. Bg5 Nbd7 7. e4 dxe4 8.
Nxe4 Bb4+ 9. Nc3 Qa5 10. Bd2 O-O 11. a3 Be7 12. Be2 a6 13. O-O Qd8 14. Bd3 b5
15. b4 Bb7 16. Bc2 Nb6 17. Be3 Rc8 18. Nb1 Qc7 19. Bd3 Nc4 20. Nbd2 Nb2 21. Qb3
Nxd3 22. Qxd3 Qb8 23. Rfc1 Rc7 24. Rxc7 Qxc7 25. Nb3 Rd8 26. Rc1 Qb8 27. Qe2
Rc8 28. Nc5 Qa8 29. Nxb7 Rxc1+ 30. Bxc1 Qxb7 31. Qd3 Qc6 32. Be3 h6 33. Qd2 Nd5
34. Qc1 Nc3 35. Kf1 Qc7 36. Ke1 Nd5 37. Qxc7 Nxc7 38. Kd2 Bf6 39. Kd3 Kf8 40.
Nd2 Bd8 41. Nb3 Nd5 42. Bd2 Bc7 43. g3 Bd6 44. Nc5 Nc7 45. Ke4 Ke7 46. Bf4 Bxf4
47. Kxf4 Kd6 48. Ke4 f5+ 49. Kd3 Kd5 50. f3 g5 51. h3 e5 52. dxe5 Kxe5 53. Nd7+
Ke6 54. Nc5+ Kd5 55. g4 f4 56. Kc3 Ke5 57. Nd7+ Ke6 58. Nc5+ Kd5 59. Kd3 Ke5
60. Nd7+ 1/2-1/2

[Event "Pyramiden Cup 2015"]
[Site "?"]
[Date "2015.09.05"]
[Round "5.1"]
[White "Ikonnikov, Vyacheslav"]
[Black "Kunin, Vitaly"]
[Result "1/2-1/2"]
[WhiteElo "2518"]
[BlackElo "2563"]
[PlyCount "23"]
[EventDate "2015.??.??"]
[TimeControl "6000+100"]
[WhiteClock "1:31:19"]
[BlackClock "1:31:01"]

1. d4 Nf6 2. Nf3 e6 3. c4 d5 4. Nc3 c5 5. cxd5 Nxd5 6. e4 Nxc3 7. bxc3 cxd4 8.
cxd4 Bb4+ 9. Bd2 Bxd2+ 10. Qxd2 O-O 11. Be2 b6 12. O-O 1/2-1/2

[Event "Pyramiden Cup 2015"]
[Site "?"]
[Date "2015.09.05"]
[Round "5.2"]
[White "Krivoborodov, Egor"]
[Black "Milov, Leonid"]
[Result "1-0"]
[WhiteElo "2518"]
[BlackElo "2471"]
[PlyCount "109"]
[EventDate "2015.??.??"]
[TimeControl "6000+1190"]
[WhiteClock "0:18:04"]
[BlackClock "0:11:43"]

1. e4 d5 2. exd5 Qxd5 3. Nc3 Qa5 4. d4 Nf6 5. Nf3 Bf5 6. Bd2 Nbd7 7. b4 Qb6 8.
a4 c6 9. a5 Qc7 10. b5 e6 11. a6 Bb4 12. axb7 Qxb7 13. bxc6 Qxc6 14. Ne5 Qb7
15. Nb5 Bxd2+ 16. Qxd2 O-O 17. Nxd7 Qxd7 18. Be2 Rfd8 19. O-O a6 20. Nc3 Qxd4
21. Qxd4 Rxd4 22. Bxa6 Rad8 23. Ne2 Rd2 24. c3 g6 25. Rac1 R8d6 26. Bb5 Rb6 27.
Bc4 Rc6 28. Bb5 Rb6 29. Bc4 Rbb2 30. Rfe1 Ne4 31. Ra1 Nc5 32. Ra5 Bd3 33. Nf4
Bxc4 34. Rxc5 Ba6 35. Nh3 h6 36. Ra5 Bc4 37. Ra4 Bd5 38. Raa1 g5 39. Rad1 Rxd1
40. Rxd1 Rc2 41. f3 Rxc3 42. Nf2 Kg7 43. h3 Rc2 44. Rd4 f5 45. h4 Kf6 46. hxg5+
hxg5 47. Rd1 Bc4 48. Re1 Be2 49. Nh3 Rd2 50. Nf2 Kg6 51. Nh1 Bc4 52. Ng3 Rd4
53. Ne2 Rd2 54. Ng3 Bd5 55. Nf1 1-0

[Event "Pyramiden Cup 2015"]
[Site "?"]
[Date "2015.09.05"]
[Round "5.3"]
[White "Troyke, Christian"]
[Black "Kveinys, Aloyzas"]
[Result "0-1"]
[WhiteElo "2344"]
[BlackElo "2485"]
[PlyCount "46"]
[EventDate "2015.??.??"]
[TimeControl "6000+520"]
[WhiteClock "0:44:36"]
[BlackClock "0:57:27"]

1. g3 d5 2. Nf3 c6 3. Bg2 Bg4 4. c4 e6 5. cxd5 exd5 6. O-O Nd7 7. Nc3 Ngf6 8.
d3 Bc5 9. h3 Bh5 10. a3 O-O 11. e4 dxe4 12. dxe4 Re8 13. Qc2 Bxf3 14. Bxf3 Ne5
15. Be2 Bd4 16. Rd1 c5 17. Kg2 Ned7 18. Nb5 Qb6 19. f3 Rad8 20. Qa4 Ne5 21.
Qxa7 Qc6 22. Bg5 Nxf3 23. Bxf6 Rxe4 0-1

[Event "Pyramiden Cup 2015"]
[Site "?"]
[Date "2015.09.05"]
[Round "5.4"]
[White "Wenninger, Philipp"]
[Black "Mons, Leon"]
[Result "1/2-1/2"]
[WhiteElo "2249"]
[BlackElo "2464"]
[PlyCount "70"]
[EventDate "2015.??.??"]
[TimeControl "6000+1465"]
[WhiteClock "0:01:43"]
[BlackClock "0:39:58"]

1. d4 Nf6 2. c4 b6 3. g3 Bb7 4. Nf3 g6 5. Bg2 Bg7 6. O-O O-O 7. Nc3 Ne4 8. Bd2
d6 9. Nxe4 Bxe4 10. Bc3 c5 11. Rc1 Nd7 12. d5 Bxc3 13. Rxc3 b5 14. Nd2 Bxg2 15.
Kxg2 Nf6 16. e4 a6 17. Qe2 Qd7 18. b3 Rab8 19. Nf3 bxc4 20. bxc4 e5 21. Rb3
Rxb3 22. axb3 Qg4 23. Re1 Nh5 24. Kh1 a5 25. Nd2 Qxe2 26. Rxe2 a4 27. bxa4 Ra8
28. Kg2 Rxa4 29. f3 f5 30. Kf2 Nf6 31. h3 Nh5 32. exf5 gxf5 33. Nf1 f4 34. g4
Ng3 35. Rc2 Nxf1 1/2-1/2

[Event "Pyramiden Cup 2015"]
[Site "?"]
[Date "2015.09.05"]
[Round "5.5"]
[White "Fedorovsky, Michael"]
[Black "Schunk, Eduard"]
[Result "1-0"]
[WhiteElo "2451"]
[BlackElo "2319"]
[PlyCount "97"]
[EventDate "2015.??.??"]
[TimeControl "6000+1770"]
[WhiteClock "0:04:25"]
[BlackClock "0:00:30"]

1. d4 Nf6 2. c4 g6 3. Nc3 Bg7 4. e4 d6 5. Nf3 O-O 6. Be2 Nbd7 7. h3 e5 8. d5
Nc5 9. Qc2 Nh5 10. b4 Na6 11. Rb1 f5 12. exf5 Bxf5 13. Bd3 e4 14. Nxe4 Qd7 15.
Nfg5 h6 16. g4 Bxe4 17. Bxe4 hxg5 18. gxh5 Rae8 19. Kd1 Qf7 20. Be3 gxh5 21.
Rg1 Re5 22. Bg6 Qf3+ 23. Qe2 Qxh3 24. Qxh5 Qxh5+ 25. Bxh5 b5 26. Be2 bxc4 27.
Bxc4 Nb8 28. Bxa7 Nd7 29. Be3 Nf6 30. Rb2 Ne4 31. Rc2 Ref5 32. Rg2 Rb8 33. a3
Ra8 34. Bd3 Rxd5 35. Ke2 Nc3+ 36. Rxc3 Bxc3 37. Bc4 c6 38. Rxg5+ Kf8 39. Bxd5
cxd5 40. Rxd5 Rxa3 41. b5 Ke7 42. b6 Rb3 43. Kd3 Ke6 44. Kc4 Rb1 45. Rb5 d5+
46. Kc5 Rxb5+ 47. Kxb5 Be5 48. b7 Kd7 49. Ba7 1-0

[Event "Pyramiden Cup 2015"]
[Site "?"]
[Date "2015.09.05"]
[Round "5.6"]
[White "Colpe, Malte"]
[Black "Wagner, Florian"]
[Result "1-0"]
[WhiteElo "2367"]
[BlackElo "2145"]
[PlyCount "75"]
[EventDate "2015.??.??"]
[TimeControl "6000+860"]
[WhiteClock "0:26:37"]
[BlackClock "0:02:05"]

1. d4 Nf6 2. c4 e5 3. dxe5 Ng4 4. Bf4 Nc6 5. Nf3 Bb4+ 6. Nc3 Bxc3+ 7. bxc3 Qe7
8. Qd5 f6 9. exf6 Nxf6 10. Qd3 d6 11. g3 O-O 12. Bg2 Ne4 13. O-O Nc5 14. Qd2
Bf5 15. Nd4 Be4 16. f3 Bg6 17. Nxc6 bxc6 18. e4 Qe6 19. Qe2 Bf7 20. Be3 Na4 21.
c5 Nxc3 22. Qc2 Nxa2 23. cxd6 cxd6 24. Qxc6 a5 25. Rfd1 Qb3 26. Bd4 Rfd8 27.
Rab1 Nb4 28. Qb5 Qe6 29. Qg5 Bg6 30. Bb6 h6 31. Qd2 Rdc8 32. Bxa5 Rxa5 33. Rxb4
Ra2 34. Rb2 Rca8 35. Rxa2 Rxa2 36. Qxd6 Qxd6 37. Rxd6 Kh7 38. Rd1 1-0

[Event "Pyramiden Cup 2015"]
[Site "?"]
[Date "2015.09.05"]
[Round "5.7"]
[White "Sailer, Wolfgang"]
[Black "Ott, Florian"]
[Result "1-0"]
[WhiteElo "2127"]
[BlackElo "2273"]
[PlyCount "97"]
[EventDate "2015.??.??"]
[TimeControl "6000+1275"]
[WhiteClock "0:02:51"]
[BlackClock "0:22:45"]

1. e4 c5 2. Nc3 d6 3. f4 g6 4. Nf3 Bg7 5. Bc4 Nc6 6. d3 Nf6 7. O-O O-O 8. Qe1
Nd4 9. Qh4 Nxc2 10. Rb1 e6 11. f5 Nd4 12. Bg5 h6 13. Bxh6 Nh7 14. Qxd8 Rxd8 15.
Bxg7 Nxf3+ 16. Rxf3 Kxg7 17. fxg6 fxg6 18. Rbf1 Ng5 19. Rf6 Rh8 20. g3 d5 21.
exd5 exd5 22. Nxd5 Bh3 23. Re1 Rae8 24. Rxe8 Rxe8 25. Kf2 Bg4 26. h4 Ne6 27.
Nc7 Nxc7 28. Rf7+ Kh8 29. Rxc7 Re2+ 30. Kf1 Rxb2 31. Rxc5 a6 32. a4 Kg7 33. Rg5
Be2+ 34. Ke1 Kf6 35. a5 Bf3 36. d4 Be4 37. Re5 Bc6 38. g4 Bf3 39. g5+ Kg7 40.
Re7+ Kh8 41. Re8+ Kg7 42. Re7+ Kh8 43. d5 Rb4 44. Rc7 Ra4 45. Kf2 Bg4 46. Ke3
Rxa5 47. Rxb7 Ra4 48. Bb3 Ra3 49. Kf4 1-0

[Event "Pyramiden Cup 2015"]
[Site "?"]
[Date "2015.09.05"]
[Round "5.8"]
[White "Fischer, Johannes"]
[Black "Eiber, Manfred"]
[Result "1-0"]
[WhiteElo "2269"]
[BlackElo "2154"]
[PlyCount "114"]
[EventDate "2015.??.??"]
[TimeControl "6000+970"]
[WhiteClock "0:05:52"]

1. g3 d5 2. Bg2 c6 3. Nf3 Nf6 4. O-O Bf5 5. d3 e6 6. Nbd2 Bc5 7. Qe1 Nbd7 8. e4
Bg4 9. Nb3 Bb6 10. a4 Bxf3 11. Bxf3 h5 12. exd5 cxd5 13. c4 dxc4 14. dxc4 Ng4
15. Bf4 Bc7 16. Qd2 Nde5 17. Qxd8+ Bxd8 18. Be2 Nc6 19. h3 Nge5 20. Rad1 g5 21.
Be3 g4 22. h4 Bf6 23. Nc5 Be7 24. Ne4 Rd8 25. c5 O-O 26. Nd6 Bxd6 27. cxd6 Rd7
28. Rd2 f6 29. Kg2 Rfd8 30. Rfd1 Nf7 31. Bc5 Kg7 32. Bb5 a6 33. Bc4 Re8 34. b4
Nfe5 35. Be2 Rc8 36. f3 gxf3+ 37. Bxf3 Nxf3 38. Kxf3 Ne5+ 39. Kg2 a5 40. Rd4
axb4 41. Bxb4 Rc2+ 42. R1d2 Rxd2+ 43. Rxd2 Kf7 44. Bc3 Ng4 45. Kf3 e5 46. Ba5
Nh6 47. Bc7 Nf5 48. Rb2 Ke6 49. Rxb7 Nxd6 50. Ra7 Nf5 51. a5 Nd4+ 52. Kf2 Nb5
53. Ra6+ Kf5 54. Bb8 Rd2+ 55. Ke3 Ra2 56. Ra7 Nd4 57. Ra6 Nb5 {Ke4+} 1-0

[Event "Pyramiden Cup 2015"]
[Site "?"]
[Date "2015.09.05"]
[Round "5.9"]
[White "Miller, Eduard"]
[Black "Redzepovic, Irfan"]
[Result "1-0"]
[WhiteElo "2245"]
[BlackElo "2139"]
[PlyCount "107"]
[EventDate "2015.??.??"]
[TimeControl "6000+1485"]
[WhiteClock "0:01:48"]
[BlackClock "0:04:58"]

1. d4 d5 2. c4 e6 3. Nc3 Nf6 4. Nf3 Be7 5. Bg5 h6 6. Bf4 O-O 7. e3 c5 8. dxc5
Bxc5 9. cxd5 exd5 10. Be5 Be6 11. Bd4 Be7 12. h3 Nc6 13. Bd3 a6 14. Rc1 Rc8 15.
O-O Na5 16. Bb1 Nc4 17. Qd3 Re8 18. Bxf6 Bxf6 19. Qh7+ Kf8 20. Nd4 Bxd4 21.
exd4 Qf6 22. Rfe1 Red8 23. b3 Nb6 24. Nxd5 Rxd5 25. Rxc8+ Nxc8 26. Qh8+ Ke7 27.
Qxc8 b5 28. Qb7+ Kf8 29. Qa8+ Rd8 30. Qxa6 Qg5 31. Qa3+ Kg8 32. Qc5 Qd2 33. Kf1
b4 34. Bc2 Bd5 35. Qe7 Rf8 36. Qe2 Qxd4 37. Rd1 Qc5 38. Qd3 g6 39. Rd2 Bb7 40.
Qd4 Qa5 41. Kg1 Re8 42. Qf4 Qb5 43. Bd3 Qc6 44. f3 Re1+ 45. Kh2 Qb6 46. Bc4
Qg1+ 47. Kg3 Re7 48. Bxf7+ Kg7 49. Bc4 Kh7 50. Qb8 Qe1+ 51. Kh2 h5 52. Qg8+ Kh6
53. Qh8+ Kg5 54. f4+ 1-0

[Event "Pyramiden Cup 2015"]
[Site "Fuerth"]
[Date "2015.09.05"]
[Round "5.10"]
[White "Lodes, Hermann"]
[Black "Loew, Gerald"]
[Result "1/2-1/2"]
[WhiteElo "2129"]
[BlackElo "2273"]
[PlyCount "111"]
[EventDate "2015.??.??"]
[WhiteTeam "vereinslos"]
[BlackTeam "TSV Bindlach"]

1. c4 c5 2. Nf3 g6 3. d4 cxd4 4. Nxd4 Bg7 5. e4 Nc6 6. Be3 Nf6 7. Nc3 O-O 8.
Be2 d6 9. O-O Nxd4 10. Bxd4 Bd7 11. Qd2 Bc6 12. f3 a5 13. b3 Nd7 14. Be3 Nc5
15. Rac1 e6 16. Bd3 Qe7 17. Bb1 Rfd8 18. Rfe1 Rd7 19. Bg5 Qf8 20. Qf2 Bh6 21.
Bxh6 Qxh6 22. f4 f5 23. Nd5 exd5 24. exd5 Ba4 25. bxa4 Qg7 26. Re3 Re7 27. Rxe7
Qxe7 28. Re1 Qd7 29. Qe2 Kf7 30. Bc2 Re8 31. Qxe8+ Qxe8 32. Rxe8 Kxe8 33. Kf2
Ke7 34. Ke3 Kf6 35. Kd4 Kg7 36. h3 Kf6 37. g4 fxg4 38. hxg4 h6 39. Bd1 g5 40.
f5 Ke7 41. Ke3 Nd7 42. Kd4 b6 43. Be2 Ne5 44. Ke3 Kf6 45. Ke4 Nd7 46. Bd1 Nc5+
47. Kd4 Ke7 48. Bc2 Nd7 49. Bd1 Kf6 50. Ke4 Ne5 51. Be2 Kg7 52. Kd4 Kf6 53. Ke3
Ke7 54. Kd4 Nd7 55. Bd1 Kf7 56. Ke3 1/2-1/2

[Event "Pyramiden Cup 2015"]
[Site "Fuerth"]
[Date "2015.09.05"]
[Round "5.11"]
[White "Hornung, Hans"]
[Black "Niedermeier, Thomas"]
[Result "0-1"]
[WhiteElo "2106"]
[BlackElo "2226"]
[PlyCount "86"]
[EventDate "2015.??.??"]
[WhiteTeam "SK Klosterlechfeld"]
[BlackTeam "SG Pang-Rosenheim"]

1. Nf3 Nf6 2. c4 g6 3. Nc3 Bg7 4. d4 d6 5. e4 O-O 6. Be2 Nbd7 7. O-O e5 8. Be3
exd4 9. Nxd4 Nc5 10. f3 a5 11. Ndb5 Qe7 12. Qd2 Be6 13. Rfe1 Rac8 14. Bf1 Nfd7
15. Nd5 Qd8 16. Qxa5 Bxb2 17. Rab1 Bg7 18. Ndxc7 Na6 19. Red1 Nxc7 20. Rxd6
Nxb5 21. Qxd8 Rfxd8 22. Rxb5 Ne5 23. Rxd8+ Rxd8 24. Rxb7 Nxc4 25. Bc5 Bd4+ 26.
Bxd4 Rxd4 27. a4 Rd1 28. Kf2 Ra1 29. Rb4 Ra2+ 30. Kg3 Ne3 31. Rb8+ Kg7 32. Bb5
g5 33. f4 gxf4+ 34. Kxf4 Nxg2+ 35. Kg3 Ne3 36. h4 Nc4 37. Bc6 Ne5 38. Bb5 Ra3+
39. Kf2 Ng4+ 40. Kg2 Nf6 41. Bc6 Bd7 42. Bxd7 Nxd7 43. Rb4 Nc5 0-1

[Event "Pyramiden Cup 2015"]
[Site "Fuerth"]
[Date "2015.09.05"]
[Round "5.12"]
[White "Dorst, Johannes"]
[Black "Brem, Stephan"]
[Result "1-0"]
[WhiteElo "2223"]
[BlackElo "2063"]
[PlyCount "65"]
[EventDate "2015.??.??"]
[WhiteTeam "SK Marburg"]
[BlackTeam "SU Ebersberg-Grafing"]

1. e4 d6 2. d4 Nf6 3. Nc3 c6 4. f4 Qa5 5. Bd3 e5 6. Nf3 Bg4 7. dxe5 dxe5 8. h3
Bxf3 9. Qxf3 Bd6 10. Bd2 Qc7 11. f5 Nbd7 12. g4 h6 13. O-O-O O-O-O 14. Bc4 Rhf8
15. h4 Nc5 16. g5 hxg5 17. hxg5 Ne8 18. Be3 b5 19. Be2 Be7 20. Qf2 Rxd1+ 21.
Rxd1 b4 22. Bxc5 bxc3 23. Bxa7 Qb7 24. Qb6 Bxg5+ 25. Kb1 Nc7 26. bxc3 Be7 27.
a4 Qxb6+ 28. Bxb6 c5 29. a5 g5 30. a6 f6 31. Bc4 Re8 32. a7 Na8 33. Ba6# 1-0

[Event "Pyramiden Cup 2015"]
[Site "Fuerth"]
[Date "2015.09.05"]
[Round "5.13"]
[White "Moehn, Hans"]
[Black "Goldsworthy, Patrick"]
[Result "1/2-1/2"]
[WhiteElo "2389"]
[BlackElo "2097"]
[PlyCount "82"]
[EventDate "2015.??.??"]
[WhiteTeam "USV TU Dresden"]
[BlackTeam "SG Siemens Erlangen"]

1. Nf3 Nf6 2. c4 d6 3. d4 Nbd7 4. Nc3 e5 5. e4 Be7 6. Be2 c6 7. O-O O-O 8. Re1
Qc7 9. Bf1 Rd8 10. d5 Nf8 11. h3 Ng6 12. Be3 c5 13. a3 Bd7 14. Nd2 h6 15. b4 b6
16. Rb1 Nh7 17. bxc5 dxc5 18. Nb5 Qc8 19. a4 Bg5 20. a5 Bxe3 21. Rxe3 Nf4 22.
Nf3 f6 23. Ra3 Ng5 24. Nxg5 hxg5 25. Qb3 Bxb5 26. Qxb5 Rd6 27. Rba1 Rb8 28. Qb2
bxa5 29. Qc1 Rdb6 30. Rxa5 Rb3 31. Rb5 a6 32. Rxb8 Rxb8 33. Kh2 g4 34. h4 Rb3
35. g3 Nh3 36. Bxh3 gxh3 37. Ra3 Qb7 38. Rxb3 Qxb3 39. Kxh3 Qf3 40. Qb1 Qxf2
41. Qb6 g6 1/2-1/2

[Event "Pyramiden Cup 2015"]
[Site "Fuerth"]
[Date "2015.09.05"]
[Round "5.14"]
[White "Promyshlyanskyy, Vitaliy"]
[Black "Suess, Stefan"]
[Result "1/2-1/2"]
[WhiteElo "2236"]
[BlackElo "2004"]
[PlyCount "71"]
[EventDate "2015.??.??"]
[WhiteTeam "SC NT Nürnberg"]
[BlackTeam "SC NT Nürnberg"]

1. e4 d5 2. exd5 Qxd5 3. Nc3 Qd6 4. d4 Nf6 5. Nf3 a6 6. g3 b5 7. Bg2 Bb7 8. Bf4
Qb6 9. O-O e6 10. a4 Bd6 11. Bd2 O-O 12. Qe2 b4 13. a5 Qa7 14. Nd1 c5 15. dxc5
Bxc5 16. c3 Nc6 17. Ra4 bxc3 18. bxc3 Rfd8 19. Nb2 Rac8 20. Rb1 Nb8 21. Rh4
Bxf2+ 22. Kh1 Bc5 23. Na4 Nbd7 24. Bg5 Be7 25. h3 Qa8 26. Kh2 Nd5 27. Bxe7 Nxe7
28. Rxh7 Kxh7 29. Ng5+ Kg8 30. Bxb7 Qa7 31. Bxc8 Rxc8 32. Qf3 Ne5 33. Qe2 Qc7
34. Qxa6 Nf5 35. Ne4 Rd8 36. Qe2 1/2-1/2

[Event "Pyramiden Cup 2015"]
[Site "Fuerth"]
[Date "2015.09.05"]
[Round "5.15"]
[White "Knoblauch, Leonhard"]
[Black "Seitner, Ralf"]
[Result "1-0"]
[WhiteElo "2177"]
[BlackElo "2080"]
[PlyCount "99"]
[EventDate "2015.??.??"]
[WhiteTeam "SV Ilmmünster"]
[BlackTeam "SK Ingolstadt"]

1. e4 e6 2. d4 d5 3. Nc3 Nf6 4. e5 Nfd7 5. f4 c5 6. Nf3 Nc6 7. Be3 Be7 8. Qd2
a6 9. Nd1 b5 10. c3 Qb6 11. Bd3 a5 12. O-O b4 13. f5 Nf8 14. f6 gxf6 15. exf6
Bd6 16. Qf2 c4 17. Be2 Ba6 18. Qh4 Ng6 19. Qh6 Qc7 20. g3 O-O-O 21. b3 Rdg8 22.
Kh1 Bf8 23. Qh5 Bd6 24. Rc1 Kb8 25. bxc4 dxc4 26. cxb4 Nxb4 27. Nc3 Nd5 28.
Nxd5 exd5 29. Qxd5 Bb7 30. Rb1 Rd8 31. Qxc4 Rd7 32. Qxc7+ Rxc7 33. Ba6 Re8 34.
Bxb7 Rxb7 35. Rxb7+ Kxb7 36. Re1 Kc6 37. Bd2 Rxe1+ 38. Bxe1 Bb4 39. Bf2 Kd5 40.
Ng5 Nf8 41. Kg2 Bd2 42. Nxf7 Ke6 43. Nd8+ Kxf6 44. Kf3 Ke7 45. Ke2 Bb4 46. Nc6+
Kd6 47. Nxb4 axb4 48. Be1 Kd5 49. Bxb4 Ne6 50. Bc5 1-0

[Event "Pyramiden Cup 2015"]
[Site "Fuerth"]
[Date "2015.09.05"]
[Round "5.16"]
[White "Reis, Gerhard"]
[Black "Saathoff, Richard"]
[Result "1/2-1/2"]
[WhiteElo "2197"]
[BlackElo "2106"]
[PlyCount "36"]
[EventDate "2015.??.??"]
[WhiteTeam "SW Nürnberg Süd"]
[BlackTeam "SW Nürnberg Süd"]

1. Nf3 Nf6 2. c4 g6 3. g3 Bg7 4. Bg2 d6 5. d4 O-O 6. O-O Nbd7 7. Nc3 e5 8. e4
a6 9. h3 b5 10. cxb5 axb5 11. Re1 c6 12. d5 cxd5 13. Nxd5 Bb7 14. Nxf6+ Nxf6
15. Nd2 Qc7 16. Nb3 Ra4 17. Qd3 Rfa8 18. Qxb5 Rxa2 1/2-1/2

[Event "Pyramiden Cup 2015"]
[Site "Fuerth"]
[Date "2015.09.05"]
[Round "5.17"]
[White "Middelhoff, Cornelius"]
[Black "Hoecher, Michael"]
[Result "1/2-1/2"]
[WhiteElo "2114"]
[BlackElo "2091"]
[PlyCount "50"]
[EventDate "2015.??.??"]
[WhiteTeam "TSG Apolda"]
[BlackTeam "SC Garching"]

1. d4 c6 2. c4 d5 3. Nf3 Nf6 4. e3 g6 5. Nc3 Bg7 6. Be2 O-O 7. O-O a6 8. b3 b5
9. a3 Bb7 10. Bb2 Nbd7 11. Rc1 e6 12. Qc2 Ne8 13. e4 Rc8 14. Rfd1 Qe7 15. exd5
exd5 16. Re1 Qd6 17. Rcd1 Nc7 18. Na2 Ne6 19. a4 Nf4 20. Bf1 dxc4 21. bxc4 bxc4
22. Ne5 Nxe5 23. dxe5 Qc7 24. Qxc4 Ne6 25. Rd6 c5 1/2-1/2